More preaching values in the epistles of Paul. (Record no. 5651)

000 -LEADER
fixed length control field 00614nam a2200181 a 4500
001 - CONTROL NUMBER
control field :::00003393$&:&@@
003 - CONTROL NUMBER IDENTIFIER
control field OkBaRHE
005 - DATE AND TIME OF LATEST TRANSACTION
control field 20000607103304.0
008 - FIXED-LENGTH DATA ELEMENTS--GENERAL INFORMATION
fixed length control field s1961 j 000 0 eng u
040 ## - CATALOGING SOURCE
Transcribing agency
100 1# - MAIN ENTRY--PERSONAL NAME
Personal name Luccock, Halford Edward, 1885-1960.
245 10 - TITLE STATEMENT
Title More preaching values in the epistles of Paul.
260 ## - PUBLICATION, DISTRIBUTION, ETC. (IMPRINT)
Place of publication, distribution, etc New York, NY., :
Name of publisher, distributor, etc Harper & Brothers Pub.
Date of publication, distribution, etc c1961
300 ## - PHYSICAL DESCRIPTION
Extent 255 p. ;
Dimensions 22 cm.
650 ## - SUBJECT ADDED ENTRY--TOPICAL TERM
Topical term or geographic name as entry element Bible New Testament Epistles of Paul
General subdivision Homiletical Use
942 ## - ADDED ENTRY ELEMENTS (KOHA)
Source of classification or shelving scheme
Koha item type Books
Copies
Date acquired Price effective from Withdrawn status Koha item type Shelving location Damaged status Source of classification or shelving scheme Date last seen Full call number Lost status Copy number Not for loan Barcode Permanent Location
2010-04-142010-04-14 BooksGeneral Stacks  2018-03-28BS 2650.4 .L8 1 3393RHEMA Bible Training College